[Event "International Championship of Central Se"]
[Site "Paracin, hotel "]
[Date "2016.07.08"]
[Round "2.1"]
[White "Colovic, Zoran"]
[Black "Pribanovic, Milivoje"]
[Result "1/2-1/2"]
[WhiteElo "2099"]
[BlackElo "1896"]
[PlyCount "109"]
[EventDate "2016.07.07"]

1. e4 c5 2. Ne2 d6 3. Nbc3 Nf6 4. g3 Nc6 5. Bg2 a6 6. O-O e6 7. d3 Be7 8. h3
Qc7 9. Be3 O-O 10. Qd2 b5 11. f4 Rb8 12. Qe1 Nb4 13. Qc1 d5 14. Bf2 d4 15. Nd1
Bb7 16. a3 Nc6 17. g4 Nd7 18. Ng3 Bh4 19. Qd2 f6 20. Nh5 Bxf2+ 21. Nxf2 g6 22.
Ng3 Ne7 23. h4 f5 24. h5 Nf6 25. g5 Ne8 26. Nh3 Rd8 27. Rae1 Rd7 28. Qe2 Ng7
29. h6 Ne8 30. exf5 exf5 31. Qe6+ Rf7 32. Bxb7 Qxb7 33. Nxf5 Nxf5 34. Qxe8+ Rf8
35. Qe6+ Rdf7 36. Rf2 Rd8 37. Re5 Rd6 38. Qb3 Kf8 39. Rxc5 Qd7 40. Qb4 Ne7 41.
f5 Rxf5 42. Rfxf5+ Nxf5 43. Nf4 Ne3 44. Rc8+ Kf7 45. Kf2 Qg4 46. Rc7+ Ke8 47.
Qxd6 Qh4+ 48. Kf3 Qh1+ 49. Kf2 Qh4+ 50. Kg1 Qg3+ 51. Kh1 Qe1+ 52. Kh2 Qf2+ 53.
Kh1 Qf1+ 54. Kh2 Qf2+ 55. Kh1 1/2-1/2

[Event "International Championship of Central Se"]
[Site "Paracin, hotel "]
[Date "2016.07.08"]
[Round "2.2"]
[White "Vujcic, Milena"]
[Black "Milosevic, Rade"]
[Result "1-0"]
[WhiteElo "1906"]
[BlackElo "2091"]
[PlyCount "85"]
[EventDate "2016.07.07"]

1. e4 c6 2. d4 d5 3. Nc3 dxe4 4. Nxe4 Nf6 5. Ng3 a5 6. Nf3 Bg4 7. Be2 e6 8. O-O
Be7 9. c4 Na6 10. Qb3 Rb8 11. Bf4 Bd6 12. Bxd6 Qxd6 13. Rfd1 Qb4 14. Qxb4 axb4
15. h3 Bxf3 16. Bxf3 Rd8 17. Ne4 Ke7 18. Nxf6 Kxf6 19. a3 Rd6 20. axb4 Nxb4 21.
Ra4 Nc2 22. c5 Rdd8 23. Rc4 Nxd4 24. Rcxd4 Ra8 25. Rb4 Rhb8 26. Rd7 Ra1+ 27.
Kh2 Rc1 28. Bxc6 Rxc5 29. Bf3 b6 30. Rb7 Rd8 31. R7xb6 g5 32. Rc6 Rxc6 33. Bxc6
Rd2 34. f3 h6 35. Rb7 Rd8 36. b4 Kg6 37. b5 f5 38. Rd7 Rb8 39. Rb7 Rd8 40. b6
Rd2 41. Rd7 Rb2 42. b7 Kf6 43. Rd8 1-0

[Event "International Championship of Central Se"]
[Site "Paracin, hotel "]
[Date "2016.07.08"]
[Round "2.3"]
[White "Olcum, Ahmet"]
[Black "Ivkovic, Aleksandra"]
[Result "1-0"]
[WhiteElo "2083"]
[BlackElo "1860"]
[PlyCount "71"]
[EventDate "2016.07.07"]

1. e4 e5 2. Nc3 Nf6 3. g3 d5 4. exd5 Nxd5 5. Bg2 Nxc3 6. bxc3 Nc6 7. Rb1 Bc5 8.
d3 O-O 9. Ne2 Bb6 10. Ba3 Re8 11. O-O Bg4 12. h3 Bh5 13. g4 Bg6 14. Ng3 Qh4 15.
c4 Nd8 16. c5 Ba5 17. Rb5 Bc3 18. Rb3 Ba5 19. Rb5 Bc3 20. Rb3 Ba5 21. Nf5 Bxf5
22. gxf5 c6 23. Qf3 f6 24. Qg3 Qd4 25. Be4 Rb8 26. Kh1 Kh8 27. Rg1 Rg8 28. Bb2
Qd7 29. d4 Nf7 30. dxe5 Nxe5 31. Qh4 Bc7 32. f4 Nc4 33. Bxf6 gxf6 34. Qxf6+ Rg7
35. Rbg3 Rbg8 36. Rxg7 1-0

[Event "International Championship of Central Se"]
[Site "Paracin, hotel "]
[Date "2016.07.08"]
[Round "2.4"]
[White "Tosic, Dragoljub"]
[Black "Zivanovic, Blagoje"]
[Result "1/2-1/2"]
[WhiteElo "1888"]
[BlackElo "2078"]
[PlyCount "119"]
[EventDate "2016.07.07"]

1. d4 Nf6 2. Nf3 g6 3. b3 d5 4. Bb2 Bg7 5. g3 O-O 6. Bg2 c6 7. O-O a5 8. a4 Na6
9. Ne5 Bf5 10. Nd2 Nd7 11. c4 Nxe5 12. dxe5 d4 13. f4 Qb6 14. h3 Rfd8 15. Kh2
Nb4 16. Be4 Bxe4 17. Nxe4 d3 18. c5 Qa6 19. e3 Nc2 20. Qd2 Nxa1 21. Bxa1 b5 22.
g4 bxa4 23. bxa4 Qc4 24. Nf2 Qxc5 25. Bc3 Rd5 26. Rc1 Qc4 27. Bd4 Qxa4 28. Qxd3
Rad8 29. Qc3 c5 30. Bxc5 Rd2 31. Kg3 Qa2 32. Ra1 Qc2 33. Qxc2 Rxc2 34. Rxa5 e6
35. Ne4 Bf8 36. Bd6 Bxd6 37. Nxd6 Rc7 38. g5 Kg7 39. Ra3 h5 40. Kf3 Kf8 41. Ne4
Ke7 42. Nf6 Rdc8 43. Rd3 Rb8 44. Ra3 Kf8 45. Rd3 Kg7 46. Ra3 Rc1 47. Ra7 Rh1
48. Kg2 Re1 49. Kf2 Rd1 50. Kf3 h4 51. Rc7 Rg1 52. Ne4 Rd8 53. Kf2 Rh1 54. Kg2
Rhd1 55. Nd6 Rf8 56. Ne4 Re1 57. Kf2 Rd1 58. Nf6 Rb8 59. Ng4 Rd2+ 60. Kf3
1/2-1/2

[Event "International Championship of Central Se"]
[Site "Paracin, hotel "]
[Date "2016.07.08"]
[Round "2.5"]
[White "Milosavljevic, Delimir"]
[Black "Arandjelovic, Aleksandar Z"]
[Result "1-0"]
[WhiteElo "1863"]
[BlackElo "2073"]
[PlyCount "165"]
[EventDate "2016.07.07"]

1. c4 Nf6 2. Nf3 g6 3. Nc3 Bg7 4. g3 O-O 5. Bg2 d6 6. O-O Nc6 7. a3 a5 8. d3
Bg4 9. h3 Bd7 10. e3 e5 11. Qc2 Re8 12. b3 Rb8 13. Bb2 Qc8 14. Kh2 h6 15. Rac1
Bf5 16. e4 Be6 17. Nd5 b6 18. Qd2 Qd8 19. Rc2 Kh7 20. Re1 Nd7 21. b4 axb4 22.
axb4 Ra8 23. b5 Na5 24. Nb4 Nc5 25. d4 Ncb3 26. Qd3 exd4 27. Nxd4 Nc5 28. Qe2
Na4 29. Nxe6 Rxe6 30. Bxg7 Kxg7 31. Qd1 Nc5 32. e5 Rb8 33. exd6 Rxd6 34. Nd5
Nab3 35. Rce2 Re6 36. Nf4 Qxd1 37. Nxe6+ fxe6 38. Rxd1 Kf6 39. Re3 h5 40. h4
Na5 41. Bf1 Nab7 42. Rf3+ Kg7 43. Rd4 Ra8 44. g4 e5 45. Rd5 hxg4 46. Rg3 Kf6
47. Rxg4 Nd6 48. Rg5 Nf5 49. Be2 Ra2 50. Bg4 Rxf2+ 51. Kg1 Rf4 52. Bxf5 gxf5
53. Rg8 Ne6 54. h5 Rxc4 55. Rg6+ Kf7 56. Rd7+ Ke8 57. Rh7 Rg4+ 58. Rxg4 fxg4
59. h6 e4 60. Rxc7 Nxc7 61. h7 Nxb5 62. h8=Q+ Kd7 63. Qg7+ Kc6 64. Qxg4 Nd6 65.
Kf2 Kc5 66. Ke2 b5 67. Qe6 b4 68. Kd1 Nb5 69. Kc1 Nd6 70. Qe5+ Kc6 71. Kc2 Nc4
72. Qxe4+ Kc5 73. Qf5+ Kb6 74. Kb3 Na5+ 75. Kxb4 Nc6+ 76. Ka4 Na7 77. Qe6+ Kb7
78. Qd6 Nc6 79. Kb5 Na7+ 80. Kc5 Nc8 81. Qd7+ Kb8 82. Kb5 Na7+ 83. Ka6 1-0

[Event "International Championship of Central Se"]
[Site "Paracin, hotel "]
[Date "2016.07.08"]
[Round "2.6"]
[White "Djordjevic, Gradimir"]
[Black "Maksimovic, Masa"]
[Result "0-1"]
[WhiteElo "2072"]
[BlackElo "1854"]
[PlyCount "88"]
[EventDate "2016.07.07"]

1. c4 Nf6 2. Nc3 g6 3. g3 Bg7 4. Bg2 O-O 5. e3 d6 6. Nge2 Nc6 7. d4 e5 8. O-O
Nd7 9. Rb1 f5 10. b4 Nf6 11. b5 Ne7 12. dxe5 dxe5 13. Ba3 Qxd1 14. Rbxd1 Re8
15. Rd2 Bf8 16. Rfd1 Rb8 17. b6 axb6 18. Nb5 Nc6 19. Bxf8 Rxf8 20. Nxc7 e4 21.
Nf4 Ne5 22. Rd4 Bd7 23. Rb1 Rbc8 24. Ncd5 Rxc4 25. Nxb6 Rc2 26. Nxd7 Nfxd7 27.
a4 Rfc8 28. Nd5 Kf7 29. Rdd1 Nd3 30. f3 exf3 31. Bxf3 N7c5 32. Nf4 Nb2 33. Bxb7
Rc7 34. Bd5+ Ke8 35. Rdc1 Ncxa4 36. Rxc2 Rxc2 37. Bb3 Rc7 38. Kg2 Rc3 39. Bxa4+
Nxa4 40. Rb8+ Kf7 41. Rb7+ Ke8 42. Rxh7 Rxe3 43. Nxg6 Nc3 44. Nf4 Ne4 0-1

[Event "International Championship of Central Se"]
[Site "Paracin, hotel "]
[Date "2016.07.08"]
[Round "2.7"]
[White "Brankovan, Mario"]
[Black "Hasman, Cengiz"]
[Result "0-1"]
[WhiteElo "1857"]
[BlackElo "2072"]
[PlyCount "104"]
[EventDate "2016.07.07"]

1. d4 g6 2. Nf3 Bg7 3. Bf4 d6 4. e3 Nc6 5. c3 Nf6 6. h3 O-O 7. Be2 Nh5 8. Bh2
h6 9. Qc2 Bf5 10. e4 Bd7 11. d5 Nb8 12. g4 Nf6 13. Nbd2 c6 14. Qb3 Na6 15. Bxa6
bxa6 16. dxc6 Bxc6 17. Qc2 Qb6 18. Nd4 Bb7 19. f3 Nd7 20. Bg1 Qc7 21. Ne2 d5
22. h4 Nc5 23. h5 g5 24. Nd4 dxe4 25. O-O-O exf3 26. Nf5 Rfd8 27. Bh2 Qd7 28.
Rhf1 Nd3+ 29. Kb1 f2 30. Nxg7 Kxg7 31. Ka1 Bg2 32. Nc4 Bxf1 33. Rxf1 Ne1 34.
Be5+ Kg8 35. Qb1 Qd3 36. Qxd3 Rxd3 37. a4 Nc2+ 38. Ka2 Ne3 39. Nxe3 Rxe3 40.
Bd4 Rf3 41. Kb3 f6 42. Kc4 e5 43. Bc5 Kf7 44. b4 Ke6 45. b5 axb5+ 46. axb5 Rc8
47. Kb4 Rf4+ 48. c4 f5 49. gxf5+ Kxf5 50. Bxa7 Rcxc4+ 51. Ka5 Ra4+ 52. Kb6 g4
0-1

[Event "International Championship of Central Se"]
[Site "Paracin, hotel "]
[Date "2016.07.08"]
[Round "2.8"]
[White "Gajin, Nikola"]
[Black "Doncic, Dragoljub"]
[Result "1-0"]
[WhiteElo "2069"]
[BlackElo "1848"]
[PlyCount "47"]
[EventDate "2016.07.07"]

1. c4 Nf6 2. Nc3 e6 3. d4 d5 4. Nf3 Be7 5. Bf4 a6 6. e3 O-O 7. Bd3 c5 8. O-O
cxd4 9. exd4 dxc4 10. Bxc4 b5 11. Bd3 Bb7 12. Rc1 Nbd7 13. Qe2 Re8 14. Ne4 Nd5
15. Bg3 Nf8 16. Nc5 Bxc5 17. dxc5 Rc8 18. Rfd1 Nd7 19. Bd6 Nb8 20. Ne5 Nc6 21.
Nxf7 Kxf7 22. Qh5+ Kf6 23. Bxh7 Nce7 24. Be5# 1-0

[Event "International Championship of Central Se"]
[Site "Paracin, hotel "]
[Date "2016.07.08"]
[Round "2.9"]
[White "Georgieva, Emilia"]
[Black "Brkic, Toma"]
[Result "1/2-1/2"]
[WhiteElo "1851"]
[BlackElo "2069"]
[PlyCount "76"]
[EventDate "2016.07.07"]

1. d4 Nf6 2. Nf3 e6 3. Bg5 d5 4. e3 Be7 5. Nbd2 Nbd7 6. Bd3 O-O 7. c3 c5 8. Rc1
b6 9. Qa4 Bb7 10. Ne5 Nxe5 11. dxe5 Ne4 12. Bxe7 Qxe7 13. Bxe4 dxe4 14. Nxe4
Qc7 15. f4 b5 16. Qc2 f6 17. exf6 gxf6 18. O-O Qc6 19. Ng3 f5 20. Rcd1 Rad8 21.
Rd2 Kf7 22. Rff2 Rxd2 23. Rxd2 Ke7 24. Qd3 Rg8 25. Qe2 Rg4 26. Qd3 Rg8 27. Qe2
Rg4 28. e4 c4 29. exf5 Rxf4 30. Qe5 Qb6+ 31. Kh1 Rf2 32. Qg7+ Ke8 33. Qg8+ Ke7
34. Qxh7+ Kf8 35. Qh8+ Ke7 36. Qh4+ Ke8 37. Qh8+ Ke7 38. Qg7+ Ke8 1/2-1/2

[Event "International Championship of Central Se"]
[Site "Paracin, hotel "]
[Date "2016.07.08"]
[Round "2.10"]
[White "Cvetkovski, Slobodan"]
[Black "Isak, Igor G"]
[Result "0-1"]
[WhiteElo "1847"]
[BlackElo "2064"]
[PlyCount "148"]
[EventDate "2016.07.07"]

1. e4 c5 2. Nf3 d6 3. d4 cxd4 4. Nxd4 Nf6 5. Nc3 a6 6. Bc4 e6 7. Be3 b5 8. Bb3
Be7 9. f3 Qc7 10. Qd2 Nc6 11. O-O-O Ne5 12. Kb1 Nc4 13. Bxc4 bxc4 14. g4 Rb8
15. Ka1 Bb7 16. g5 Nd7 17. h4 Nc5 18. h5 g6 19. hxg6 fxg6 20. Rh3 O-O 21. Nde2
Bc8 22. Rdh1 Rf7 23. f4 Qb7 24. b3 Nxe4 25. Nxe4 Qxe4 26. Ng3 Qb7 27. R3h2 cxb3
28. axb3 a5 29. Qd3 Bf8 30. Kb1 a4 31. Qxg6+ Rg7 32. Qe4 axb3 33. Qxb7 bxc2+
34. Kxc2 Bxb7 35. Rb1 Rc8+ 36. Kd1 Bf3+ 37. Ke1 Rgc7 38. Rf2 Bg4 39. Ne4 Be7
40. Rb3 Kf7 41. Rh2 Bf5 42. Ng3 Bc2 43. Rb2 Bd3 44. Rhd2 Rc1+ 45. Rd1 Rxd1+ 46.
Kxd1 Rc7 47. Kd2 Bg6 48. Bd4 e5 49. fxe5 Bxg5+ 50. Kd1 d5 51. Ke2 h5 52. Be3
Bxe3 53. Kxe3 Rc3+ 54. Kf4 Rc4+ 55. Kf3 h4 56. Rb7+ Ke6 57. Rb6+ Kxe5 58. Rxg6
Rc3+ 59. Kf2 hxg3+ 60. Kg2 Kf4 61. Rf6+ Ke4 62. Re6+ Kd4 63. Re8 Re3 64. Ra8
Ke4 65. Re8+ Kd3 66. Ra8 d4 67. Ra3+ Kc2 68. Ra2+ Kb3 69. Ra8 d3 70. Rd8 Kc2
71. Rc8+ Kd1 72. Kf1 d2 73. Rg8 g2+ 74. Rxg2 Re1+ 0-1

[Event "International Championship of Central Se"]
[Site "Paracin, hotel "]
[Date "2016.07.08"]
[Round "2.11"]
[White "Ostojic, Nikola M"]
[Black "Okuyaz, Duru"]
[Result "1-0"]
[WhiteElo "2050"]
[BlackElo "1844"]
[PlyCount "173"]
[EventDate "2016.07.07"]

1. d4 d5 2. c4 c6 3. Nc3 Nf6 4. Nf3 e6 5. cxd5 exd5 6. Bg5 Be7 7. Qc2 g6 8. e3
Bf5 9. Bd3 Bxd3 10. Qxd3 O-O 11. O-O Ne4 12. Bh6 Re8 13. Nxe4 dxe4 14. Qxe4 Bd6
15. Qg4 f5 16. Qh4 Qxh4 17. Nxh4 Re4 18. g3 Nd7 19. Nf3 Nf6 20. Bf4 Bxf4 21.
gxf4 Re6 22. Rfc1 Ne4 23. Rab1 h6 24. h4 a5 25. Kg2 a4 26. Rc4 Kg7 27. Rbc1 Ra5
28. R1c2 Kf6 29. Ne5 g5 30. fxg5+ hxg5 31. Nd7+ Ke7 32. Nc5 Rxc5 33. Rxc5 Nxc5
34. Rxc5 Kf6 35. hxg5+ Kxg5 36. Kf3 Rh6 37. Ra5 b5 38. Ra6 Rd6 39. b3 axb3 40.
axb3 Rf6 41. Ra8 Rh6 42. Rc8 Re6 43. Rf8 Rh6 44. Kg2 Rg6 45. f3 Re6 46. f4+ Kg6
47. Kf3 Re4 48. b4 Re7 49. Rd8 Re6 50. d5 cxd5 51. Rxd5 Rb6 52. Re5 Kf6 53. Ke2
Rb8 54. Kd3 Rd8+ 55. Kc3 Rc8+ 56. Rc5 Re8 57. Kd3 Rd8+ 58. Ke2 Rb8 59. Kf3 Rb7
60. Rd5 Ke6 61. e4 Rc7 62. Re5+ Kd6 63. Rd5+ Ke6 64. Rxf5 Rc3+ 65. Kg4 Rc4 66.
Rxb5 Rxe4 67. Kg5 Re1 68. f5+ Kf7 69. Rb7+ Ke8 70. Kf6 Rb1 71. Re7+ Kd8 72. Re4
Kd7 73. Kf7 Kd6 74. Re6+ Kd7 75. Re7+ Kd6 76. Rb7 Kc6 77. Rb8 Kc7 78. Rb5 Kc6
79. Rc5+ Kd6 80. Rc4 Kd5 81. Rg4 Kd6 82. f6 Kd7 83. Rd4+ Kc7 84. Kf8 Kc6 85. f7
Re1 86. Rg4 Ra1 87. Kg8 1-0

[Event "International Championship of Central Se"]
[Site "Paracin, hotel "]
[Date "2016.07.08"]
[Round "2.12"]
[White "Stojanovic, Vladimir M"]
[Black "Bojicic, Andjela"]
[Result "0-1"]
[WhiteElo "1832"]
[BlackElo "2038"]
[PlyCount "86"]
[EventDate "2016.07.07"]

1. d4 Nf6 2. Bg5 Ne4 3. Bf4 c5 4. e3 Qb6 5. Nc3 Nxc3 6. bxc3 d6 7. Bd3 g6 8.
Ne2 Bg7 9. O-O O-O 10. a4 Qc6 11. Bb5 Qc7 12. Bg5 c4 13. a5 a6 14. Ba4 Qxa5 15.
Bc6 Qc7 16. Bf3 Nc6 17. Nf4 Bd7 18. Be2 b5 19. Nd5 Qa7 20. Kh1 e6 21. Nb4 Nxb4
22. cxb4 Qb6 23. Qd2 d5 24. h4 Rfe8 25. f4 Rec8 26. Qc3 Bf8 27. h5 a5 28. bxa5
Qb7 29. hxg6 hxg6 30. Bh4 b4 31. Qe1 Bb5 32. Bf6 c3 33. Qh4 Bg7 34. Bxb5 Qxb5
35. Rf3 Qe2 36. Rh3 Qh5 37. Qxh5 gxh5 38. Be7 b3 39. cxb3 c2 40. Bc5 Rxc5 41.
Rc1 Rc3 42. b4 Rb8 43. a6 Rb5 0-1

[Event "International Championship of Central Se"]
[Site "Paracin, hotel "]
[Date "2016.07.08"]
[Round "2.13"]
[White "Tomic, Slobodan"]
[Black "Mirkovic, Dejan"]
[Result "1-0"]
[WhiteElo "2032"]
[BlackElo "1824"]
[PlyCount "76"]
[EventDate "2016.07.07"]

1. e4 c5 2. Nc3 Nc6 3. g3 g6 4. Bg2 Bg7 5. d3 d6 6. Be3 Nf6 7. h3 Qb6 8. Qc1
Be6 9. Nge2 a6 10. O-O Qc7 11. Qd2 Ne5 12. f4 Nc6 13. Kh1 Rd8 14. Nd5 Qb8 15.
c3 Bd7 16. Rae1 b6 17. d4 Na5 18. Nxf6+ exf6 19. b3 O-O 20. g4 Rfe8 21. Ng3 Qc7
22. d5 b5 23. Rc1 Nb7 24. f5 a5 25. g5 Ra8 26. gxf6 Bh8 27. fxg6 hxg6 28. a3
Qd8 29. Bg5 Qb6 30. h4 b4 31. h5 gxh5 32. Bh6 Re5 33. Bf4 h4 34. Bxe5 hxg3 35.
Bxg3 c4 36. Qg5+ Kh7 37. Bf2 Qd8 38. Bd4 cxb3 1-0

[Event "International Championship of Central Se"]
[Site "Paracin, hotel "]
[Date "2016.07.08"]
[Round "2.14"]
[White "Golubovic, Marko"]
[Black "Ozates, Mert"]
[Result "0-1"]
[WhiteElo "2023"]
[BlackElo "1815"]
[PlyCount "144"]
[EventDate "2016.07.07"]

1. e4 e6 2. d4 d5 3. Nc3 Nf6 4. Bg5 Be7 5. e5 Nfd7 6. h4 O-O 7. Bd3 c5 8. Qh5
g6 9. Qh6 Nc6 10. Bxe7 Qxe7 11. h5 cxd4 12. hxg6 fxg6 13. Bxg6 hxg6 14. Qh8+
Kf7 15. Rh7+ Ke8 16. Rxe7+ Nxe7 17. Qh3 dxc3 18. Qxc3 Rf4 19. Nf3 Rc4 20. Qa3
Re4+ 21. Kd2 Nxe5 22. Nxe5 Rxe5 23. g4 Re4 24. Rh1 Rf4 25. Qe3 Rf7 26. Qe5 Kd7
27. f4 Nc6 28. Qe3 Kc7 29. b4 Bd7 30. b5 Na5 31. Qc5+ Kd8 32. Rh8+ Be8 33. Qd6+
Rd7 34. Qxe6 Re7 35. Qd6+ Rd7 36. Qxg6 Nc4+ 37. Ke1 Nd6 38. Qf6+ Kc7 39. g5 Rf7
40. Qe5 Kd7 41. Qxd5 Rf5 42. Qd4 Rc8 43. Rh7+ Bf7 44. g6 Re8+ 45. Kd1 Re4 46.
Rxf7+ Rxf7 47. Qxa7 Rfxf4 48. Qc5 Rg4 49. b6 Rxg6 50. Qc7+ Ke6 51. Qh7 Rgg4 52.
Qh6+ Kd5 53. Qh3 Rb4 54. a3 Rgd4+ 55. Kc1 Rxb6 56. c3 Re4 57. Qd3+ Kc6 58. Kc2
Re8 59. Qf3+ Kd7 60. Qg4+ Kc7 61. Qg7+ Kb8 62. Qd7 Rc6 63. a4 Rec8 64. Kd2 Nc4+
65. Kc2 Nb6 66. Qd4 Rxc3+ 67. Kd2 Rc2+ 68. Ke1 R2c6 69. a5 Nc4 70. Kf2 Ra6 71.
Qf4+ Ka8 72. Qg4 Rcc6 0-1

[Event "International Championship of Central Se"]
[Site "Paracin, hotel "]
[Date "2016.07.08"]
[Round "2.15"]
[White "Jakovljevic, Dejan"]
[Black "Mijajlovic, Milutin"]
[Result "1-0"]
[WhiteElo "2016"]
[BlackElo "1797"]
[PlyCount "87"]
[EventDate "2016.07.07"]

1. e4 d5 2. Nc3 e6 3. d4 Bb4 4. e5 h6 5. a3 Ba5 6. Qg4 g6 7. Bd3 Ne7 8. Nge2
Nbc6 9. O-O a6 10. b4 Bb6 11. Na4 Nf5 12. c3 Nce7 13. Nc5 Bxc5 14. bxc5 c6 15.
Rb1 Qd7 16. Qh3 Kd8 17. Bd2 Qe8 18. Rb6 Ra7 19. Rfb1 Kd7 20. g4 Ng7 21. Bxh6 g5
22. f4 gxf4 23. Nxf4 f5 24. exf6 Ngf5 25. gxf5 Nxf5 26. Bxf5 exf5 27. Qxf5+ Kc7
28. Qe5+ Qxe5 29. dxe5 Rxh6 30. f7 Rh8 31. Ng6 Rd8 32. f8=Q Rxf8 33. Nxf8 Kd8
34. e6 Ke7 35. Rf1 Bxe6 36. Nxe6 Kxe6 37. h4 d4 38. cxd4 Kd5 39. Rf4 a5 40. h5
a4 41. h6 Ra8 42. h7 Kc4 43. Rg4 Rh8 44. Rxb7 1-0

[Event "International Championship of Central Se"]
[Site "Paracin, hotel "]
[Date "2016.07.08"]
[Round "2.16"]
[White "Djoric, Krsta"]
[Black "Kostic, Marko"]
[Result "0-1"]
[WhiteElo "1824"]
[BlackElo "2016"]
[PlyCount "70"]
[EventDate "2016.07.07"]

1. f4 d5 2. Nf3 Nf6 3. e3 Bf5 4. b3 a6 5. Bb2 e6 6. Be2 Be7 7. O-O c6 8. Nh4
Nbd7 9. Nxf5 exf5 10. Qe1 Qc7 11. c4 dxc4 12. Bxc4 Nb6 13. Be2 O-O 14. Nc3 Rfe8
15. Bf3 Rad8 16. Ne2 Qd7 17. Rd1 Nbd5 18. Bxf6 Bxf6 19. Bxd5 Qxd5 20. Ng3 h6
21. Kh1 Qd3 22. Rf3 Qc2 23. Nf1 Qxa2 24. Rb1 Rd3 25. Qd1 Red8 26. Rf2 a5 27.
Re2 b5 28. e4 fxe4 29. Rxe4 R3d4 30. Ra1 Rxd2 31. Qxd2 Qxa1 32. Qe2 Rd1 33. Kg1
Bd4+ 34. Rxd4 Qxd4+ 35. Kh1 Qd3 0-1

[Event "International Championship of Central Se"]
[Site "Paracin, hotel "]
[Date "2016.07.08"]
[Round "2.17"]
[White "Djuretanovic, Ivan"]
[Black "Djokic, Mihailo"]
[Result "1-0"]
[WhiteElo "2011"]
[BlackElo "1786"]
[PlyCount "53"]
[EventDate "2016.07.07"]

1. e4 c5 2. Nf3 Nc6 3. c3 d5 4. Bd3 Nf6 5. e5 Ng4 6. Qe2 c4 7. Bc2 Qc7 8. Ba4
Bf5 9. Nd4 Bxb1 10. Rxb1 Ngxe5 11. O-O a6 12. f4 Nd7 13. d3 b5 14. Bc2 Nxd4 15.
cxd4 e6 16. f5 e5 17. dxe5 Bc5+ 18. Kh1 Qxe5 19. Qg4 Nf6 20. Qxg7 Rg8 21. Bf4
Qd4 22. Rbe1+ Kd8 23. Qxf7 Ra7 24. Qe6 Re8 25. Qc6 Rxe1 26. Rxe1 Be7 27. Be3
1-0

[Event "International Championship of Central Se"]
[Site "Paracin, hotel "]
[Date "2016.07.08"]
[Round "2.18"]
[White "Jovovic, Jovan"]
[Black "Jankov, Saso"]
[Result "0-1"]
[WhiteElo "1823"]
[BlackElo "2007"]
[PlyCount "90"]
[EventDate "2016.07.07"]

1. d4 d6 2. Nf3 c6 3. e4 Nd7 4. Bd3 e5 5. c3 Ngf6 6. Bg5 Be7 7. O-O O-O 8. Nbd2
h6 9. Bh4 Qc7 10. Qe2 Re8 11. h3 Nf8 12. Bg3 Ng6 13. a4 a5 14. dxe5 dxe5 15.
Nc4 Bd6 16. Rfd1 Be6 17. Ne3 Nh5 18. Nf5 Ngf4 19. Qc2 Bxf5 20. exf5 Nxg3 21.
fxg3 Bc5+ 22. Kh2 Nxd3 23. Qxd3 e4 24. Qc4 exf3 25. Qxc5 Re2 26. Rg1 Rae8 27.
f6 g6 28. Raf1 R8e3 29. Rf2 b6 30. Rxe2 bxc5 31. Rxe3 fxg2 32. Kxg2 Qd6 33. Rf3
g5 34. g4 c4 35. Rgf1 c5 36. R1f2 Qc6 37. Kg3 Kh7 38. Rf5 Qe4 39. h4 Qe3+ 40.
R2f3 Qg1+ 41. Kh3 Qh1+ 42. Kg3 Qxh4+ 43. Kg2 Qxg4+ 44. Kf1 Qe4 45. Kg2 Kg6 0-1

[Event "International Championship of Central Se"]
[Site "Paracin, hotel "]
[Date "2016.07.08"]
[Round "2.19"]
[White "Radojkovic, Stefan"]
[Black "Rajkovic, Slobodan"]
[Result "1/2-1/2"]
[WhiteElo "1976"]
[BlackElo "1779"]
[PlyCount "113"]
[EventDate "2016.07.07"]

1. e4 c5 2. Nf3 Nc6 3. Bb5 Qc7 4. Bxc6 bxc6 5. O-O e6 6. Re1 d5 7. Nc3 Bb7 8.
exd5 cxd5 9. d4 Nf6 10. g3 Be7 11. Bf4 Qa5 12. Qd2 O-O 13. Nxd5 Qd8 14. Nxe7+
Qxe7 15. Ne5 Rfd8 16. c3 Nd5 17. Rad1 cxd4 18. cxd4 Rac8 19. Nd3 h6 20. Nc5
Nxf4 21. Qxf4 Rd5 22. Nxb7 Qxb7 23. Rd2 Qb4 24. Red1 Rcd8 25. a3 Qc4 26. Qe3
Qa4 27. f4 Rb8 28. Rc1 Rbd8 29. b4 Qd7 30. Rc4 a5 31. Qc3 axb4 32. Qxb4 Rb5 33.
Qc3 Rb1+ 34. Kf2 e5 35. Qc2 Ra1 36. fxe5 Qh3 37. Ke3 Rxa3+ 38. Rc3 Ra1 39. Rf2
Qe6 40. Qb3 Re1+ 41. Kf3 Qxb3 42. Rxb3 Rxd4 43. Re3 Rxe3+ 44. Kxe3 Ra4 45. h4
Ra3+ 46. Kf4 Kf8 47. Rb2 g6 48. Rb8+ Kg7 49. Rb4 Ra6 50. Ke4 Kf8 51. Rb7 Ra4+
52. Kf3 h5 53. Rb3 Ke7 54. Rb6 Ra7 55. Rd6 Rd7 56. Rxd7+ Kxd7 57. Ke3 1/2-1/2

[Event "International Championship of Central Se"]
[Site "Paracin, hotel "]
[Date "2016.07.08"]
[Round "2.20"]
[White "Ivanov, Igor"]
[Black "Nestorovic, Katarina"]
[Result "0-1"]
[WhiteElo "1815"]
[BlackElo "1974"]
[PlyCount "90"]
[EventDate "2016.07.07"]

1. c4 e5 2. Nc3 Nf6 3. g3 d5 4. cxd5 Nxd5 5. Bg2 Nb6 6. Nf3 Nc6 7. O-O Be7 8.
d3 O-O 9. a3 Re8 10. Be3 Bf8 11. Rc1 Nd4 12. Ne4 Bg4 13. Nxd4 exd4 14. Bf4 Nd5
15. Re1 Nxf4 16. gxf4 c6 17. Qd2 Re6 18. h3 Bf5 19. Ng3 Rf6 20. Nxf5 Rxf5 21.
e4 Rh5 22. Qe2 Rh4 23. f5 Qg5 24. Qf3 Bd6 25. Rc2 Re8 26. Kh1 Rf4 27. Qd1 Qe7
28. Rce2 Qe5 29. Kg1 Rh4 30. Rc2 g6 31. fxg6 fxg6 32. Kf1 Qh2 33. e5 Bxe5 34.
Rce2 Re7 35. Re4 Rxe4 36. Rxe4 Rf7 37. Qe2 Rf5 38. f3 h5 39. Ke1 Qg1+ 40. Qf1
Bg3+ 41. Ke2 Qxf1+ 42. Bxf1 Rb5 43. Rxd4 Rxb2+ 44. Kd1 Rb1+ 45. Ke2 Re1+ 0-1